
Library Catalogue

| 000 -LEADER | |
|---|---|
| fixed length control field | 01856nam a2200217Ia 4500 |
| 003 - CONTROL NUMBER IDENTIFIER | |
| control field | OSt |
| 005 - DATE AND TIME OF LATEST TRANSACTION | |
| control field | 20210625164647.0 |
| 008 - FIXED-LENGTH DATA ELEMENTS--GENERAL INFORMATION | |
| fixed length control field | 160316s2010 xxu||||| |||| 00| 0 eng d |
| 020 ## - INTERNATIONAL STANDARD BOOK NUMBER | |
| International Standard Book Number | 9781412903530 |
| 040 ## - CATALOGING SOURCE | |
| Transcribing agency | n |
| 082 ## - DEWEY DECIMAL CLASSIFICATION NUMBER | |
| Classification number | 343.071000 |
| Item number | HAR |
| 100 ## - MAIN ENTRY--PERSONAL NAME | |
| Personal name | Harrison Rob |
| 245 ## - TITLE STATEMENT | |
| Title | The ethical consumer |
| 260 ## - PUBLICATION, DISTRIBUTION, ETC. | |
| Place of publication, distribution, etc. | New Delhi |
| Name of publisher, distributor, etc. | Sage Publications |
| Date of publication, distribution, etc. | 2010 |
| 300 ## - PHYSICAL DESCRIPTION | |
| Extent | 259p |
| Dimensions | xix |
| 365 ## - TRADE PRICE | |
| Price amount | Rs. 2,492 |
| 505 ## - FORMATTED CONTENTS NOTE | |
| Formatted contents note | Table of contents<br/>Introduction - Rob Harrison, Terry Newholm and Deirdre Shaw;<br/>PART ONE: THEORISING ETHICAL CONSUMPTION;<br/>Philosophy and Ethical Consumption - Clive Barnett, Philip Cafaro and Terry Newholm;<br/>The Consumer as Economic Voter - Roger A Dickinson and Mary L Carsky;<br/>PART TWO: CAMPAIGNERS AND CONSUMERS;<br/>A Brief History of Consumer Activism - Tim Lang and Yiannis Gabriel;<br/>Pressure Groups, Campaigns and Consumers - Rob Harrison;<br/>Informing Ethical Consumers - Hannah Berry and Morvern McEachern;<br/>The Effectiveness of Ethical Consumer Behaviour - Scott Clouder and Rob Harrison;<br/>PART THREE: UNDERSTANDING ETHICAL CONSUMERS;<br/>Case Studying Ethical Consumers' Projects and Strategies - Terry Newholm;<br/>Using Existential-Phenomenological Interviewing to Explore Meanings of Consumption - H[ac]el[gr]ene Cherrier;<br/>Modelling Consumer Decision Making in Fair Trade - Deirdre Shaw;<br/>Identifying and Profiling Apparel Label Users - Marsha A Dickson;<br/>Focus Group on Consumers' Ethical Beliefs - Barry Clavin and Alex Lewis;<br/>Surveying Ethical and Environmental Attitudes - Robert Worcester and Jenny Dawkins;<br/>PART FOUR: RESPONDING TO ETHICAL CONSUMERS;<br/>Corporate Disclosure and Auditing - Carol A Adams and Ambika Zutshi;<br/>Meeting the Ethical Gaze - Andrew Crane;<br/>Challenges for Orientating to the Ethical Market |
| 650 ## - SUBJECT ADDED ENTRY--TOPICAL TERM | |
| Topical term or geographic name entry element | 1. Consumer Law - Ethical |
| 700 ## - ADDED ENTRY--PERSONAL NAME | |
| Personal name | Newwholm Terry |
| -- | Shaw Deidre |
| 942 ## - ADDED ENTRY ELEMENTS (KOHA) | |
| Source of classification or shelving scheme | Dewey Decimal Classification |
| Koha item type | BOOKs |
| Withdrawn status | Lost status | Damaged status | Not for loan | Home library | Current library | Shelving location | Date acquired | Cost, normal purchase price | Total Checkouts | Full call number | Barcode | Date last seen | Price effective from | Koha item type |
|---|---|---|---|---|---|---|---|---|---|---|---|---|---|---|
| NLS | NLS | Library Compactors | 30/05/2017 | 2492.00 | 343.071 HAR | 30641 | 30/05/2017 | 30/05/2017 | BOOKs |